[Event "XIII OGOLNOPOLSKA OLIMPIADA MLODZIEZY -"]
[Site "Turawa"]
[Date "2007.05.01"]
[Round "7.7"]
[White "Mondrzycki, Bartlomiej"]
[Black "Bokiej, Przemyslaw"]
[Result "1/2-1/2"]
[WhiteElo "1949"]
[BlackElo "2016"]
[PlyCount "56"]
[EventDate "2007.??.??"]

1. e4 e6 2. d4 d5 3. Nc3 Nf6 4. Bg5 Bb4 5. e5 h6 6. Bd2 Bxc3 7. bxc3 Ne4 8. Qg4
g6 9. Bd3 Nxd2 10. Kxd2 c5 11. h4 Qe7 12. h5 g5 13. f4 cxd4 14. cxd4 Qb4+ 15.
Ke3 Nc6 16. Nf3 gxf4+ 17. Qxf4 Qe7 18. g4 Bd7 19. Raf1 O-O-O 20. g5 Rdf8 21.
Qf6 Qa3 22. gxh6 Nb4 23. Rh2 Ba4 24. Ne1 Nxa2 25. Rd2 Nc3 26. Kf4 Nb1 27. Re2
Nc3 28. Rd2 Nb1 1/2-1/2

[Event "XIII OGOLNOPOLSKA OLIMPIADA MLODZIEZY -"]
[Site "Turawa"]
[Date "2007.05.01"]
[Round "7.8"]
[White "Koziej, Maciej"]
[Black "Adamek, Przemyslaw"]
[Result "1/2-1/2"]
[WhiteElo "1990"]
[BlackElo "1957"]
[PlyCount "72"]
[EventDate "2007.??.??"]

1. d4 d5 2. e3 Nf6 3. Bd3 e6 4. Nd2 c6 5. f4 Bd6 6. Ngf3 Nbd7 7. Ne5 c5 8. c3
b6 9. O-O O-O 10. Rf3 Bb7 11. Qc2 c4 12. Be2 b5 13. Rh3 Qe7 14. Bf3 Rfc8 15. g4
g6 16. g5 Ne8 17. Rg3 Ng7 18. e4 dxe4 19. Bxe4 Bd5 20. Nf1 Nf5 21. Rh3 Nb6 22.
Ne3 Bxe5 23. dxe5 Qc5 24. Bxf5 exf5 25. Qf2 Nd7 26. Qh4 Nf8 27. a4 a6 28. Qh6
Be4 29. b3 b4 30. bxc4 a5 31. Bb2 Rc7 32. cxb4 axb4 33. Rd1 Qc6 34. Rd6 Qxa4
35. Rd1 Qb3 36. Rd2 Qa2 1/2-1/2

[Event "XIII OGOLNOPOLSKA OLIMPIADA MLODZIEZY -"]
[Site "Turawa"]
[Date "2007.05.01"]
[Round "7.9"]
[White "Kowalczyk, Rafal"]
[Black "Barski, Radoslaw"]
[Result "1/2-1/2"]
[WhiteElo "1948"]
[BlackElo "1987"]
[PlyCount "73"]
[EventDate "2007.??.??"]

1. d4 Nf6 2. c4 c5 3. Nf3 cxd4 4. Nxd4 e6 5. Bg5 Bb4+ 6. Bd2 Be7 7. Nc3 a6 8.
e4 Qc7 9. Be2 O-O 10. O-O b6 11. Rc1 Bb7 12. f3 Bd6 13. f4 Nxe4 14. Nxe4 Bxe4
15. Bf3 Bxf3 16. Qxf3 Nc6 17. Ne2 Bc5+ 18. Be3 d6 19. Kh1 Bxe3 20. Qxe3 Ne7 21.
Ng3 Qc5 22. Qd3 d5 23. f5 exf5 24. Nxf5 Nxf5 25. cxd5 Qd4 26. Qxf5 Rad8 27.
Rfd1 Qxb2 28. Rb1 Qe2 29. d6 b5 30. Qd5 Qe6 31. Qd2 Qd7 32. Rbc1 Rc8 33. Rb1 h6
34. Rb3 Rfe8 35. h3 Re6 36. Rd3 Rc6 37. Rd4 1/2-1/2

[Event "XIII OGOLNOPOLSKA OLIMPIADA MLODZIEZY -"]
[Site "Turawa"]
[Date "2007.05.01"]
[Round "7.10"]
[White "Witek, Pawel"]
[Black "Jacek, Krystian"]
[Result "0-1"]
[WhiteElo "1985"]
[BlackElo "1858"]
[PlyCount "222"]
[EventDate "2007.??.??"]

1. d4 Nf6 2. Nf3 g6 3. c4 Bg7 4. Nc3 O-O 5. Bg5 d6 6. e3 c5 7. d5 e6 8. Be2
exd5 9. cxd5 h6 10. Bh4 Na6 11. Nd2 Nc7 12. Nde4 g5 13. Bg3 Nxe4 14. Nxe4 f5
15. Bxd6 fxe4 16. Bxf8 Kxf8 17. Qc2 Qxd5 18. O-O Be6 19. f3 Ke7 20. Rad1 Qc6
21. fxe4 Be5 22. Bc4 Rd8 23. Rxd8 Kxd8 24. Rd1+ Ke7 25. Bxe6 Nxe6 26. Rd5 Qc7
27. g3 c4 28. Qa4 b6 29. Qb4+ Kf6 30. Qd2 c3 31. bxc3 Qxc3 32. Qf2+ Ke7 33. Rd1
Nc5 34. Rf1 Bf6 35. Qf3 Qe5 36. Qf5 Nxe4 37. Qh7+ Bg7 38. Qg6 Nd6 39. Rf2 b5
40. e4 a5 41. Kg2 b4 42. Rc2 Kf8 43. Rc6 Qxe4+ 44. Qxe4 Nxe4 45. Ra6 Bb2 46.
Rxa5 Nc3 47. Rf5+ Ke7 48. Rf2 Ba3 49. Kf3 h5 50. Rc2 Ke6 51. Ke3 Ke5 52. Kd3
Kd5 53. h3 Ne4 54. Rc8 Nxg3 55. Rg8 Ne4 56. Rd8+ Nd6 57. Rg8 Nf7 58. Ra8 Ke5
59. Re8+ Kf6 60. Ra8 g4 61. hxg4 hxg4 62. Rb8 Kg5 63. Ke2 Ne5 64. Kf1 Kf4 65.
Kg2 Ke3 66. Kg3 Kd3 67. Kf4 Nc4 68. Kxg4 Ne3+ 69. Kf3 Nd1 70. Rd8+ Kc2 71. Rd4
Nc3 72. Rxb4 Bxb4 73. a4 Nxa4 74. Ke4 Nc3+ 75. Kf3 Kd3 76. Kf4 Ke2 77. Ke5 Ke3
78. Ke6 Ke4 79. Kd7 Kd5 80. Kc7 Nb5+ 81. Kb6 Nd6 82. Kc7 Ba5+ 83. Kb8 Kc6 84.
Ka7 Kb5 85. Kb8 Kb6 86. Ka8 Nb7 87. Kb8 Bb4 88. Kc8 Kc6 89. Kb8 Bc5 90. Ka8 Nd6
91. Kb8 Nc4 92. Kc8 Bd6 93. Kd8 Ne5 94. Ke8 Kd5 95. Kd8 Kc6 96. Ke8 Bc5 97. Kd8
Bd6 98. Ke8 Kd5 99. Kd8 Nd3 100. Kc8 Nc5 101. Kd8 Ke6 102. Ke8 Bc7 103. Kf8 Be5
104. Ke8 Nb7 105. Kf8 Nd6 106. Kg8 Kf6 107. Kh7 Kg5 108. Kg8 Kg6 109. Kf8 Bf6
110. Kg8 Be7 111. Kh8 Nf5 0-1

[Event "XIII OGOLNOPOLSKA OLIMPIADA MLODZIEZY -"]
[Site "Turawa"]
[Date "2007.05.01"]
[Round "7.11"]
[White "Witek, Tomasz"]
[Black "Weichhold, Pawel"]
[Result "1-0"]
[WhiteElo "2109"]
[BlackElo "1897"]
[PlyCount "80"]
[EventDate "2007.??.??"]

1. d4 Nf6 2. Nf3 g6 3. c4 Bg7 4. Nc3 O-O 5. Bg5 d6 6. e3 c5 7. d5 e6 8. h3 exd5
9. cxd5 h6 10. Bh4 Na6 11. Nd2 Re8 12. Be2 Nc7 13. O-O a6 14. a4 Bd7 15. Nc4
Bf8 16. Nb6 g5 17. Nxa8 gxh4 18. Nb6 Bf5 19. a5 Kh8 20. Ra4 Bg7 21. Bd3 Bh7 22.
Bxh7 Nxh7 23. Qh5 Re5 24. Qxh4 Rg5 25. Kh1 Qg8 26. f4 Rg6 27. f5 Bf6 28. Qf2
Rg7 29. Ne4 Be5 30. Rg1 Bg3 31. Qf3 Ng5 32. Qh5 Nxe4 33. Rxe4 Kh7 34. Re7 Ne8
35. Nd7 Be5 36. Nxe5 dxe5 37. f6 Nxf6 38. Qxe5 Ng4 39. hxg4 Rxg4 40. Qf6 Rg7
1-0

[Event "XIII OGOLNOPOLSKA OLIMPIADA MLODZIEZY -"]
[Site "Turawa"]
[Date "2007.05.01"]
[Round "7.12"]
[White "Janczarski, Michal"]
[Black "Kadziela, Konrad"]
[Result "1-0"]
[WhiteElo "2081"]
[BlackElo "1831"]
[PlyCount "91"]
[EventDate "2007.??.??"]

1. e4 e6 2. d3 d5 3. Nd2 Nf6 4. Ngf3 c5 5. g3 Nc6 6. Bg2 Bd6 7. O-O O-O 8. Re1
Qc7 9. Qe2 dxe4 10. dxe4 e5 11. c3 h6 12. Nh4 Be6 13. Nc4 Bxc4 14. Qxc4 a6 15.
Nf5 b5 16. Qd3 Rad8 17. Qf3 Ne7 18. Nxh6+ Kh7 19. Bg5 gxh6 20. Bxf6 Rde8 21.
Qh5 Ng6 22. Bg5 Be7 23. Qxh6+ Kg8 24. Be3 Rd8 25. h4 Rd6 26. Qh5 Rfd8 27. Qg4
Qc8 28. Qxc8 Rxc8 29. Rad1 c4 30. Rxd6 Bxd6 31. Rd1 Rc6 32. Bh3 Nf8 33. Bf5 f6
34. h5 Bc7 35. h6 Rd6 36. Rxd6 Bxd6 37. Bc8 a5 38. Ba6 b4 39. Bxc4+ Kh7 40. Ba6
Ne6 41. Bc8 Ng5 42. c4 Nf7 43. Bf5+ Kh8 44. Kf1 Bf8 45. c5 Nd8 46. Bd7 1-0

[Event "XIII OGOLNOPOLSKA OLIMPIADA MLODZIEZY -"]
[Site "Turawa"]
[Date "2007.05.01"]
[Round "7.13"]
[White "Zielinski, Wojciech"]
[Black "Solnicki, Michal"]
[Result "0-1"]
[WhiteElo "1886"]
[BlackElo "1951"]
[PlyCount "74"]
[EventDate "2007.??.??"]

1. e4 c5 2. Nf3 Nc6 3. d4 cxd4 4. Nxd4 g6 5. Nxc6 bxc6 6. Qd4 Nf6 7. e5 Ng8 8.
e6 Nf6 9. exf7+ Kxf7 10. Nc3 Bg7 11. Qc4+ e6 12. Bg5 Qc7 13. Bd3 Rf8 14. O-O-O
d5 15. Qh4 Kg8 16. Rhe1 e5 17. Bh6 e4 18. Bxg7 Kxg7 19. Bf1 Rb8 20. Qg3 Qb6 21.
Na4 Qb4 22. Qb3 Qxe1 23. Rxe1 Rxb3 24. axb3 Ng4 25. h3 Nh2 26. f3 exf3 27. gxf3
Nxf1 28. Rxf1 Bxh3 29. Rf2 Bg4 30. Nc5 Rxf3 31. Ne6+ Kf6 32. Rxf3+ Bxf3 33. Nd4
Be4 34. Kd2 h5 35. Ke3 c5 36. Nb5 Bxc2 37. Nxa7 Bxb3 0-1

[Event "XIII OGOLNOPOLSKA OLIMPIADA MLODZIEZY -"]
[Site "Turawa"]
[Date "2007.05.01"]
[Round "7.14"]
[White "Golinski, Damian"]
[Black "Borowicz, Przemyslaw"]
[Result "0-1"]
[WhiteElo "1828"]
[BlackElo "1926"]
[PlyCount "96"]
[EventDate "2007.??.??"]

1. e4 e6 2. d4 d5 3. Nd2 Nf6 4. e5 Nfd7 5. Bd3 c5 6. c3 Nc6 7. Ne2 cxd4 8. cxd4
f6 9. Nf4 Nxd4 10. Qh5+ Ke7 11. Ng6+ hxg6 12. Qxh8 Nxe5 13. Bb1 Kf7 14. O-O Qc7
15. Re1 Bb4 16. Qh3 Bd7 17. a3 Qa5 18. Qe3 Bxd2 19. Bxd2 Qxd2 20. Qxd2 Nef3+
21. gxf3 Nxf3+ 22. Kg2 Nxd2 23. Bc2 Rc8 24. Rec1 Nc4 25. b3 Nd6 26. Bd3 Rxc1
27. Rxc1 f5 28. f4 Ke7 29. Kf3 Bc6 30. b4 a6 31. Bxa6 Kf6 32. Bd3 e5 33. fxe5+
Kxe5 34. h4 d4+ 35. Ke2 Kf4 36. Rg1 Be8 37. a4 Ne4 38. a5 Nc3+ 39. Kd2 Ne4+ 40.
Ke1 Ke3 41. Bxe4 fxe4 42. Rg3+ Kf4 43. Rb3 Bb5 44. Rh3 e3 45. Rh1 d3 46. Rg1
d2+ 47. Kd1 Kf3 48. Kc2 Ba4+ 0-1

[Event "XIII OGOLNOPOLSKA OLIMPIADA MLODZIEZY -"]
[Site "Turawa"]
[Date "2007.05.01"]
[Round "7.15"]
[White "Swiech, Przemyslaw"]
[Black "Polok, Kacper"]
[Result "0-1"]
[WhiteElo "1977"]
[BlackElo "1878"]
[PlyCount "92"]
[EventDate "2007.??.??"]

1. d4 Nf6 2. c4 e6 3. Nc3 Bb4 4. e3 b6 5. a3 Bxc3+ 6. bxc3 Bb7 7. Nf3 Ne4 8.
Bb2 f5 9. Bd3 O-O 10. O-O c5 11. Qe2 Qe7 12. Rad1 d6 13. Ne1 Nd7 14. f3 Nef6
15. e4 fxe4 16. fxe4 e5 17. d5 h6 18. Nf3 Nh7 19. g3 g5 20. Bc1 Qg7 21. h3 Rf7
22. Nh2 Raf8 23. Rxf7 Rxf7 24. Ng4 Ndf6 25. Ne3 Bc8 26. Qg2 Nf8 27. Rf1 Ng6 28.
Be2 Nh7 29. Bg4 Bxg4 30. hxg4 Ne7 31. Qe2 Rxf1+ 32. Kxf1 Qf7+ 33. Kg2 Nf6 34.
Nf5 Nxf5 35. gxf5 Kg7 36. g4 Qb7 37. Kf3 Qa6 38. Ke3 Qa4 39. Kf3 Qb3 40. Qd3
Qa2 41. Be3 Nxg4 42. Bxg5 Nh2+ 43. Kg3 hxg5 44. Qd1 Kf6 45. Qh5 Nf1+ 46. Kf3
g4+ 0-1

[Event "XIII OGOLNOPOLSKA OLIMPIADA MLODZIEZY -"]
[Site "Turawa"]
[Date "2007.05.01"]
[Round "7.16"]
[White "Sowul, Bartosz"]
[Black "Grzesiak, Filip"]
[Result "1/2-1/2"]
[WhiteElo "1966"]
[BlackElo "1896"]
[PlyCount "120"]
[EventDate "2007.??.??"]

1. e4 g6 2. d4 Bg7 3. Nc3 d6 4. g3 e5 5. Be3 Nc6 6. d5 Nd4 7. Bg2 Ne7 8. f4 O-O
9. Nf3 Bg4 10. Bxd4 exd4 11. Ne2 Bxf3 12. Bxf3 c6 13. dxc6 bxc6 14. Nc1 Qb6 15.
Nd3 f5 16. e5 dxe5 17. fxe5 Bxe5 18. Qe2 Bf6 19. Qe6+ Kh8 20. O-O Rae8 21. Rae1
Bg5 22. Re5 Be3+ 23. Kh1 Qb8 24. Rc5 f4 25. g4 Nf5 26. Qxc6 Nh4 27. Qd7 Qd8 28.
Qxd8 Rxd8 29. b4 Rde8 30. Rc4 Rf6 31. a4 Rd6 32. b5 Bd2 33. Bd1 Rde6 34. Rxd4
Re4 35. Rxe4 Rxe4 36. a5 g5 37. b6 axb6 38. axb6 Re6 39. Nc5 Rxb6 40. Ne4 Be3
41. Bf3 h6 42. Nc3 Nxf3 43. Rxf3 Rc6 44. Nd5 Rxc2 45. Nxe3 Rc3 46. Kg2 fxe3 47.
Kf1 Rc1+ 48. Ke2 Rc2+ 49. Kxe3 Rxh2 50. Rf1 Ra2 51. Kf3 Ra4 52. Kg3 Kg7 53. Rf3
Kg6 54. Rb3 Rf4 55. Rb6+ Rf6 56. Rb3 Rc6 57. Ra3 h5 58. gxh5+ Kxh5 59. Rb3 Rc5
60. Ra3 g4 1/2-1/2

[Event "XIII OGOLNOPOLSKA OLIMPIADA MLODZIEZY -"]
[Site "Turawa"]
[Date "2007.05.01"]
[Round "7.17"]
[White "Chudzik, Tomasz"]
[Black "Lukasiewicz, Aleksander"]
[Result "1/2-1/2"]
[WhiteElo "1914"]
[BlackElo "1816"]
[PlyCount "47"]
[EventDate "2007.??.??"]

1. e4 e5 2. Nf3 Nc6 3. Bb5 a6 4. Ba4 d6 5. Bxc6+ bxc6 6. d4 exd4 7. Qxd4 c5 8.
Qd3 Nf6 9. Nc3 Be7 10. Bg5 O-O 11. O-O-O Be6 12. h4 Qc8 13. e5 dxe5 14. Nxe5
Qb7 15. f3 Rab8 16. b3 h6 17. Be3 Rfd8 18. Qe2 Nd5 19. Nxd5 Bxd5 20. Nc4 Qb4
21. Bd2 Bxc4 22. Qxc4 Qa3+ 23. Kb1 Rd4 24. Bc1 1/2-1/2

[Event "XIII OGOLNOPOLSKA OLIMPIADA MLODZIEZY -"]
[Site "Turawa"]
[Date "2007.05.01"]
[Round "7.18"]
[White "Leczycki, Pawel"]
[Black "Kaleta, Blazej"]
[Result "0-1"]
[WhiteElo "1826"]
[BlackElo "1899"]
[PlyCount "66"]
[EventDate "2007.??.??"]

1. d4 d5 2. c4 c6 3. Nc3 Nf6 4. Nf3 e6 5. Bg5 Bb4 6. e3 Qa5 7. Qc2 Ne4 8. Rc1
Qxa2 9. Bd3 Bxc3+ 10. bxc3 Qxc2 11. Rxc2 Nxg5 12. Nxg5 f6 13. Nf3 Nd7 14. O-O
Ke7 15. Ra2 b6 16. cxd5 exd5 17. Nh4 Nf8 18. Ba6 Bxa6 19. Rxa6 g6 20. Rfa1 Nd7
21. Kf1 Rhb8 22. Rxa7 Rxa7 23. Rxa7 c5 24. Ke2 c4 25. e4 dxe4 26. Ke3 f5 27. g4
fxg4 28. Kxe4 Kd6 29. d5 Rf8 30. Ke3 g5 31. Ng2 Rf3+ 32. Kd4 Rxf2 33. Ne3 Rf4#
0-1

[Event "XIII OGOLNOPOLSKA OLIMPIADA MLODZIEZY -"]
[Site "Turawa"]
[Date "2007.05.01"]
[Round "7.19"]
[White "Wiewiora, Eneasz"]
[Black "Lorek, Milosz"]
[Result "1-0"]
[WhiteElo "1876"]
[BlackElo "1852"]
[PlyCount "70"]
[EventDate "2007.??.??"]

1. e4 e6 2. d4 d5 3. Nc3 Bb4 4. e5 Qd7 5. a3 Bxc3+ 6. bxc3 b6 7. Qg4 f5 8. Qg3
Ba6 9. Bxa6 Nxa6 10. Ne2 O-O-O 11. O-O h6 12. a4 g5 13. Qd3 Nb8 14. f4 Ne7 15.
fxg5 hxg5 16. Bxg5 Rdg8 17. Bf6 Rh6 18. Rf3 Ng6 19. Bg5 Rh5 20. Bf4 Qh7 21. Bg3
Qg7 22. Nf4 Nxf4 23. Rxf4 Nc6 24. Qf3 Rg5 25. c4 Ne7 26. a5 Ng6 27. axb6 cxb6
28. cxd5 Nxf4 29. Qxf4 Rg4 30. Qf3 f4 31. d6 Qb7 32. d7+ Kb8 33. Qxg4 Rxg4 34.
d8=Q+ Qc8 35. Qxc8+ Kxc8 1-0

[Event "XIII OGOLNOPOLSKA OLIMPIADA MLODZIEZY -"]
[Site "Turawa"]
[Date "2007.05.01"]
[Round "7.22"]
[White "Ancuta, Adam"]
[Black "Raczynski, Milosz"]
[Result "1-0"]
[WhiteElo "1817"]
[BlackElo "1563"]
[PlyCount "142"]
[EventDate "2007.??.??"]

1. e4 c5 2. Nf3 d6 3. d4 cxd4 4. Nxd4 Nf6 5. Nc3 a6 6. f3 e5 7. Nb3 h5 8. Bg5
Be7 9. Qd2 Be6 10. O-O-O Nbd7 11. Kb1 Rc8 12. g3 g6 13. h4 Kf8 14. Nd5 Nxd5 15.
exd5 Bxg5 16. hxg5 Bf5 17. Rc1 Kg7 18. Bh3 Bxh3 19. Rxh3 Qc7 20. Rf1 Qc4 21.
Rd1 b6 22. Rh4 Qc7 23. f4 Nc5 24. fxe5 Nxb3 25. axb3 dxe5 26. d6 Qd7 27. Qe3
Rhe8 28. Re4 Re6 29. Rc4 Rxc4 30. bxc4 Qd8 31. Qe4 Kh7 32. Qc6 e4 33. Qb7 Rxd6
34. Qxf7+ Kh8 35. Rxd6 Qxd6 36. Qe8+ Kg7 37. Qxe4 a5 38. Qd3 Qc7 39. Qd4+ Kh7
40. Qd5 Kg7 41. Qe6 Kh7 42. Qf6 Qa7 43. Qf8 Qg7 44. Qd6 Qa7 45. Qc6 Kg7 46. Ka2
Kh7 47. Kb3 Qb8 48. Qf3 Qc7 49. c3 Kg7 50. Qf6+ Kh7 51. Qf8 Qc6 52. Qf7+ Kh8
53. Qd5 Qc7 54. Ka4 Qxg3 55. Qd8+ Kh7 56. Qe7+ Kg8 57. Qe6+ Kg7 58. Qf6+ Kh7
59. Qf7+ Kh8 60. Qf8+ Kh7 61. Qh6+ Kg8 62. Qxg6+ Kf8 63. Qh6+ Ke7 64. Qxh5 Qg1
65. Qh7+ Kd8 66. Qg8+ Kc7 67. Qf7+ Kb8 68. Qf8+ Ka7 69. b3 Qxg5 70. c5 bxc5 71.
Kb5 Kb7 1-0

[Event "XIII OGOLNOPOLSKA OLIMPIADA MLODZIEZY -"]
[Site "Turawa"]
[Date "2007.05.01"]
[Round "7.23"]
[White "Brzezinski, Mateusz"]
[Black "Kropidlowski, Maciej"]
[Result "1/2-1/2"]
[WhiteElo "1643"]
[BlackElo "1750"]
[PlyCount "66"]
[EventDate "2007.??.??"]

1. c4 Nf6 2. Nc3 g6 3. g3 Bg7 4. Bg2 O-O 5. e3 d6 6. Nge2 e5 7. O-O Nc6 8. d4
exd4 9. Nxd4 Nxd4 10. exd4 c6 11. Bf4 Nh5 12. Qd2 Nxf4 13. Qxf4 g5 14. Qd2 f5
15. f4 g4 16. Rae1 Qf6 17. d5 c5 18. Re2 Bd7 19. Rfe1 Qd4+ 20. Qxd4 Bxd4+ 21.
Kf1 Rae8 22. h3 h5 23. hxg4 hxg4 24. Rxe8 Rxe8 25. Rxe8+ Bxe8 26. Ke1 Kf7 27.
Nd1 Ke7 28. Kd2 Kd7 29. Bf1 Kc7 30. Bd3 Bd7 31. b3 a6 32. a4 a5 33. Ne3 Bxe3+
1/2-1/2

[Event "XIII OGOLNOPOLSKA OLIMPIADA MLODZIEZY -"]
[Site "Turawa"]
[Date "2007.05.02"]
[Round "8.1"]
[White "Krzyzanowski, Marcin"]
[Black "Swiercz, Dariusz"]
[Result "1/2-1/2"]
[WhiteElo "2229"]
[BlackElo "2248"]
[PlyCount "110"]
[EventDate "2007.??.??"]

1. e4 c5 2. Nf3 d6 3. d4 cxd4 4. Nxd4 Nf6 5. Nc3 Bd7 6. Be2 Nc6 7. Be3 g6 8.
O-O Bg7 9. f3 O-O 10. Qd2 Rc8 11. Rad1 Ne5 12. Nb3 a6 13. Bd4 b5 14. Kh1 Nc6
15. Be3 Re8 16. a4 Nb4 17. axb5 axb5 18. Nd4 Nc6 19. Nxc6 Bxc6 20. Nxb5 Nd7 21.
c3 Bb7 22. Ra1 Nc5 23. Qc2 Rf8 24. Rfd1 Ne6 25. b4 Ra8 26. Qb3 g5 27. Bc4 Qd7
28. Rac1 g4 29. Nd4 Nxd4 30. Bxd4 Bh6 31. Rc2 Qa4 32. Qxa4 Rxa4 33. Rf1 Rc8 34.
Bb5 Rxb4 35. Bd7 Rc7 36. cxb4 Rxc2 37. Bxg4 Rc4 38. Rd1 Rxb4 39. e5 Bg7 40. Bc3
Rb6 41. exd6 exd6 42. Bxg7 Kxg7 43. Kg1 Kf6 44. Kf2 Rb2+ 45. Ke3 d5 46. Rd2 Rb4
47. Rd4 Rb2 48. Rd2 Rxd2 49. Kxd2 Ke5 50. Ke3 d4+ 51. Kd2 f5 52. Bh5 f4 53. Bf7
Ba6 54. Bg8 h6 55. Bh7 Bb7 1/2-1/2

[Event "XIII OGOLNOPOLSKA OLIMPIADA MLODZIEZY -"]
[Site "Turawa"]
[Date "2007.05.02"]
[Round "8.2"]
[White "Matuszewski, Michal"]
[Black "Kanarek, Marcel"]
[Result "0-1"]
[WhiteElo "2136"]
[BlackElo "2225"]
[PlyCount "216"]
[EventDate "2007.??.??"]

1. d4 c5 2. d5 e6 3. e4 d6 4. Nc3 a6 5. a4 Ne7 6. Bc4 exd5 7. Nxd5 Nxd5 8. Qxd5
Qc7 9. Nf3 Be6 10. Qd3 Nc6 11. O-O Be7 12. Bf4 O-O 13. Rfd1 Rad8 14. Bg3 Kh8
15. h3 Rd7 16. Qe2 Qd8 17. Bd5 Nb4 18. Qc4 Nxd5 19. exd5 Bf5 20. c3 h6 21. Re1
g5 22. h4 Bg6 23. hxg5 hxg5 24. Nd2 f5 25. f3 Bf6 26. Re2 Rh7 27. b4 Rc7 28.
Rc1 a5 29. bxc5 Rxc5 30. Qb3 Bf7 31. c4 Bd4+ 32. Bf2 Qf6 33. Qd3 Bxf2+ 34. Kxf2
Kg7 35. Nb3 Rc7 36. Rh1 Rh8 37. Rxh8 Kxh8 38. Nd4 f4 39. Nb5 Bg6 40. Qb3 Re7
41. Qc3 Qxc3 42. Nxc3 Rc7 43. Ne4 Rxc4 44. Nxd6 Rxa4 45. Nxb7 Rd4 46. Re5 a4
47. Rxg5 Be8 48. d6 a3 49. Ra5 Ra4 50. Re5 Bc6 51. Na5 a2 52. Nb3 a1=Q 53. Nxa1
Ra2+ 54. Re2 Rxa1 55. Rd2 Ra7 56. Re2 Bd7 57. Re4 Ra6 58. Rxf4 Rxd6 59. g4 Kg7
60. Kg3 Bc6 61. Rc4 Kg6 62. Rc3 Bd7 63. f4 Rd1 64. f5+ Kg5 65. Rc4 Bb5 66. Rc5
Be2 67. f6+ Kxf6 68. Rc6+ Ke5 69. Rc5+ Ke4 70. Rc7 Rd3+ 71. Kh4 Rd4 72. Re7+
Kf3 73. Rf7+ Kg2 74. Rg7 Rf4 75. Rg6 Kf3 76. Rg7 Bc4 77. Kg5 Rxg4+ 78. Kf6 Re4
79. Re7 Rd4 80. Rg7 Kf4 81. Ke7 Bd3 82. Kf6 Bf5 83. Kf7 Ke5 84. Ke7 Rd7+ 85.
Kf8 Rd8+ 86. Ke7 Ra8 87. Kf7 Ra6 88. Ke7 Rh6 89. Kf7 Be6+ 90. Ke7 Rh5 91. Kf8
Rh8+ 92. Ke7 Bf5 93. Rf7 Rg8 94. Rf8 Rg7+ 95. Rf7 Rg1 96. Kf8 Be6 97. Rg7 Ra1
98. Ke7 Rd1 99. Rg5+ Bf5 100. Rg7 Rf1 101. Rg5 Rh1 102. Rg7 Rh5 103. Kf7 Be6+
104. Ke7 Rf5 105. Kd8 Kf6 106. Rb7 Rc5 107. Rc7 Rd5+ 108. Ke8 Rh5 0-1

[Event "XIII OGOLNOPOLSKA OLIMPIADA MLODZIEZY -"]
[Site "Turawa"]
[Date "2007.05.02"]
[Round "8.3"]
[White "Wieczorek, Oskar"]
[Black "Obrusnik, Michal"]
[Result "1-0"]
[WhiteElo "2125"]
[BlackElo "1977"]
[PlyCount "75"]
[EventDate "2007.??.??"]

1. e4 e6 2. d4 d5 3. Nc3 Bb4 4. e5 c5 5. a3 Bxc3+ 6. bxc3 Ne7 7. Qg4 O-O 8. Bd3
Nbc6 9. Qh5 Ng6 10. Nf3 Qc7 11. Be3 Nce7 12. O-O c4 13. Be2 f6 14. exf6 gxf6
15. Nh4 Nxh4 16. Qxh4 Ng6 17. Qg3 Qxg3 18. fxg3 Kg7 19. Rf2 Bd7 20. Raf1 f5 21.
Bh5 Rac8 22. Rb1 b5 23. h4 Rh8 24. a4 a6 25. a5 Ne7 26. g4 Rhf8 27. Bg5 Ng6 28.
gxf5 Rxf5 29. Rxf5 exf5 30. Bf3 h6 31. Bd2 Nxh4 32. Bxd5 Bc6 33. Bxc6 Rxc6 34.
Re1 Kf7 35. Kf2 Re6 36. Rh1 Ng6 37. Rxh6 Kg7 38. Rh5 1-0

[Event "XIII OGOLNOPOLSKA OLIMPIADA MLODZIEZY -"]
[Site "Turawa"]
[Date "2007.05.02"]
[Round "8.4"]
[White "Strzemiecki, Zbigniew"]
[Black "Klepaczka, Tomasz"]
[Result "1-0"]
[WhiteElo "2285"]
[BlackElo "1953"]
[PlyCount "133"]
[EventDate "2007.??.??"]

1. e4 c5 2. Nf3 e6 3. d4 cxd4 4. Nxd4 Nc6 5. Nc3 Qc7 6. Be3 a6 7. Bd3 Nf6 8.
O-O Bd6 9. g3 Nxd4 10. Bxd4 Be5 11. Bxe5 Qxe5 12. Qe2 d6 13. h3 b5 14. f4 Qc5+
15. Kh2 e5 16. Nd5 Nxd5 17. exd5 O-O 18. fxe5 dxe5 19. Qxe5 Bb7 20. Rae1 Qxd5
21. Qxd5 Bxd5 22. Re5 Be6 23. b3 Rfd8 24. Rf4 g6 25. g4 Kg7 26. Rb4 Rab8 27.
Kg3 Kf6 28. Re3 Bd7 29. Rf4+ Kg7 30. Re7 Be6 31. Ra7 Rb6 32. Rb4 Kf6 33. a4
Rdb8 34. axb5 axb5 35. Rc7 Bd5 36. Rc5 Be6 37. Rd4 Bc8 38. b4 Kg7 39. Rdd5 R8b7
40. Kf2 Bd7 41. Ke3 Be6 42. Rd4 Kf6 43. h4 Ke7 44. Rf4 Kf8 45. Kd2 Kg7 46. g5
h6 47. Ke3 hxg5 48. hxg5 Kg8 49. Rf6 Kg7 50. Kd4 Rd6+ 51. Kc3 Rdb6 52. Rf1 Kg8
53. Ra1 Kg7 54. Ra8 f6 55. Ra5 fxg5 56. Raxb5 Rxb5 57. Bxb5 g4 58. Bc6 Rb8 59.
b5 Kf6 60. Kb4 Ke7 61. Rc3 Kd6 62. Rd3+ Kc7 63. Kc5 Bf5 64. Re3 Bxc2 65. b6+
Rxb6 66. Re7+ Kd8 67. Rd7+ 1-0

[Event "XIII OGOLNOPOLSKA OLIMPIADA MLODZIEZY -"]
[Site "Turawa"]
[Date "2007.05.02"]
[Round "8.5"]
[White "Jacek, Krystian"]
[Black "Wandzik, Wojciech"]
[Result "1/2-1/2"]
[WhiteElo "1858"]
[BlackElo "1945"]
[PlyCount "79"]
[EventDate "2007.??.??"]

1. e4 d5 2. exd5 Qxd5 3. Nc3 Qa5 4. d4 Nf6 5. Nf3 c6 6. Bc4 Bf5 7. Bd2 e6 8.
Qe2 Qc7 9. O-O-O Nbd7 10. Rhe1 O-O-O 11. h3 Nb6 12. Bb3 Bd6 13. g4 Bg6 14. Ne5
Rhe8 15. h4 h5 16. Nxg6 fxg6 17. Bxe6+ Kb8 18. g5 Nfd5 19. Nxd5 Nxd5 20. Qe4
Bf4 21. Qd3 Bxd2+ 22. Qxd2 Nf4 23. Bb3 Rf8 24. f3 Qd6 25. c3 a6 26. Re4 c5 27.
dxc5 Qxc5 28. Qe3 Rxd1+ 29. Bxd1 Qxe3+ 30. Rxe3 Ng2 31. Re7 Nxh4 32. Rxg7 Rf5
33. Bc2 Rxg5 34. Be4 b5 35. Rb7+ Kc8 36. Ra7 Rg1+ 37. Kc2 Ng2 38. Ra8+ Kc7 39.
Ra7+ Kc8 40. Ra8+ 1/2-1/2

[Event "XIII OGOLNOPOLSKA OLIMPIADA MLODZIEZY -"]
[Site "Turawa"]
[Date "2007.05.02"]
[Round "8.6"]
[White "Janczarski, Michal"]
[Black "Siwiec, Arkadiusz"]
[Result "1/2-1/2"]
[WhiteElo "2081"]
[BlackElo "2025"]
[PlyCount "71"]
[EventDate "2007.??.??"]

1. c4 e5 2. Nc3 Nf6 3. g3 d5 4. cxd5 Nxd5 5. Bg2 Be6 6. Nf3 Nc6 7. O-O Be7 8.
d4 exd4 9. Nb5 Nb6 10. Bf4 Nd5 11. Nfxd4 Nxd4 12. Qxd4 c6 13. Bxd5 cxb5 14.
Rad1 Bxd5 15. Qxd5 Qxd5 16. Rxd5 a6 17. Rc1 Rd8 18. Re5 Rd7 19. Rc8+ Rd8 20.
Rc7 Rd7 21. Re3 Rxc7 22. Bxc7 Kd7 23. Ba5 f6 24. Rd3+ Ke6 25. Bd2 Rc8 26. Kg2
g5 27. Be3 f5 28. Rd1 Bf6 29. b3 h5 30. f3 Rc3 31. Kf2 Rc2 32. Rd2 Rc6 33. h3
Rc8 34. Rd1 Rc2 35. Rd2 Rc8 36. Rd1 1/2-1/2

[Event "XIII OGOLNOPOLSKA OLIMPIADA MLODZIEZY -"]
[Site "Turawa"]
[Date "2007.05.02"]
[Round "8.7"]
[White "Sadzikowski, Daniel"]
[Black "Adamek, Przemyslaw"]
[Result "1/2-1/2"]
[WhiteElo "2118"]
[BlackElo "1957"]
[PlyCount "202"]
[EventDate "2007.??.??"]

1. e4 c5 2. Nf3 Nc6 3. Nc3 Nf6 4. d4 cxd4 5. Nxd4 e5 6. Ndb5 d6 7. Bg5 a6 8.
Na3 b5 9. Nd5 Be7 10. Bxf6 Bxf6 11. c3 Bg5 12. Nc2 O-O 13. a4 bxa4 14. Rxa4 a5
15. Bc4 Rb8 16. b4 Bd7 17. Ra2 Rc8 18. h4 Bh6 19. Ba6 Ra8 20. Bb7 Ra7 21. Bxc6
Bxc6 22. bxa5 Bb5 23. Nb6 Qc7 24. Rh3 Rb7 25. Rb2 Bc6 26. Qd3 Ra7 27. Ra2 Rxa5
28. Rxa5 Qxb6 29. Ra1 Qb7 30. Qa6 Qxa6 31. Rxa6 Bxe4 32. Ne3 d5 33. f3 Bd3 34.
Rxh6 gxh6 35. Rg3+ Kh8 36. Nxd5 Bg6 37. Kd2 Rd8 38. c4 f5 39. Kc3 Bf7 40. Nb6
f4 41. Rh3 Rd1 42. c5 Rc1+ 43. Kb4 Rb1+ 44. Ka5 Be8 45. Ka6 Rc1 46. g3 Rxc5 47.
gxf4 exf4 48. Rh2 Bh5 49. Rf2 Rc3 50. Nd5 Rxf3 51. Rg2 Rg3 52. Nxf4 Rxg2 53.
Nxg2 Kg7 54. Kb5 Kf6 55. Kc4 Kf5 56. Kd3 Kg4 57. Ke2 Kg3+ 58. Kf1 Bg6 59. Kg1
Bd3 60. Ne3 Be4 61. Nd1 h5 62. Ne3 Bf3 63. Ng2 Kh3 64. Nf4+ Kg3 65. Ng2 Be2 66.
Ne3 Bb5 67. Nd5 Bc6 68. Ne3 Kxh4 69. Kh2 Kg5 70. Kg3 h4+ 71. Kh3 Bd7+ 72. Kh2
Kf4 73. Ng2+ Kg4 74. Ne3+ Kf3 75. Nd5 Be6 76. Nc7 Bf5 77. Nd5 Ke4 78. Nf6+ Kf4
79. Nd5+ Kg5 80. Ne3 Be6 81. Ng2 h3 82. Ne3 Kf4 83. Nf1 Kf3 84. Ng3 Kf4 85.
Nh5+ Kg5 86. Ng3 h6 87. Ne4+ Kf4 88. Ng3 Kg4 89. Nh1 h5 90. Nf2+ Kh4 91. Nd3
Bd5 92. Nf4 Bg2 93. Nxg2+ hxg2 94. Kxg2 Kg4 95. Kh2 h4 96. Kg2 h3+ 97. Kh2 Kh4
98. Kg1 Kg4 99. Kf2 Kf4 100. Kg1 Kg3 101. Kh1 h2 1/2-1/2